| 000 | 00812cab a22002175a 4500 | ||
|---|---|---|---|
| 001 | L144200 | ||
| 008 | 080703e2008 xxk 000 0 eng d | ||
| 035 | _a(Sirsi) u144200 | ||
| 041 | 0 | _aeng | |
| 100 | 1 | _aStewart, John | |
| 245 | 0 | 0 | _aCrunch time |
| 260 | _c2008 | ||
| 490 |
_aHousebuilder _v67(5) June 2008, 29-42(9) |
||
| 520 | _aDocument introduces a selection of articles on the credit crunch and economic opinion on the current market outlook. Makes several observations on the fall in available mortgage products; the impact on house builders and the possible options available to government to help alleviate current difficulties. | ||
| 590 | _aKA | ||
| 651 | 4 |
_aUnited Kingdom _y |
|
| 690 |
_aResidential property _96266 |
||
| 700 | 1 | _aHeller, Allison | |
| 700 | 1 | _aLeech, Andrew | |
| 942 | _n0 | ||
| 999 |
_c80381 _d80381 |
||